Count to 10 in Asia #1 - Statistics

General Stats
  • This quiz has been taken 16 times
  • The average score is 33 of 80
Answer Stats
# Answer % Correct
Cantonese 4 sei
92%
Mandarin 4
92%
Thai 4 si
92%
Mandarin 8
83%
Vietnamese 3 ba
83%
Thai 5 ha
83%
Mandarin 3 sān
83%
Japanese 3 san
83%
Mandarin 10 shí
83%
Mandarin 2 èr
75%
Mandarin 1
75%
Cantonese 2 yih
75%
Korean 1 hana
67%
Mandarin 9 jiǔ
67%
Mandarin 6 liù
67%
Mandarin 7
67%
Mandarin 5
67%
Japanese 1 ichi
58%
Korean 4 net
58%
Korean 3 set
58%
Japanese 8 hachi
50%
Japanese 10
50%
Japanese 9 kyū
50%
Japanese 2 ni
50%
Cantonese 8 baat
42%
Cantonese 7 chāt
42%
Korean 5 daseot
42%
Korean 2 dul
42%
Cantonese 9 gáu
42%
Japanese 5 go
42%
Indonesian 5 lima
42%
Tagalog 5 lima
42%
Japanese 7 nana
42%
Japanese 6 roku
42%
Cantonese 3 sāam
42%
Thai 3 sam
42%
Cantonese 1 yāt
42%
Korean 6 yeoseot
42%
Japanese 4 yon
42%
Korean 9 ahop
33%
Vietnamese 4 bốn
33%
Thai 7 chet
33%
Vietnamese 9 chín
33%
Thai 6 hok
33%
Korean 7 ilgop
33%
Vietnamese 1 một
33%
Vietnamese 10 mười
33%
Cantonese 5 ńgh
33%
Thai 8 paet
33%
Vietnamese 8 tám
33%
Tagalog 6 anim
25%
Tagalog 4 apat
25%
Vietnamese 7 bảy
25%
Tagalog 2 dalawa
25%
Indonesian 2 dua
25%
Vietnamese 2 hai
25%
Tagalog 1 isa
25%
Thai 9 kao
25%
Cantonese 6 luhk
25%
Thai 1 nueng
25%
Tagalog 7 pito
25%
Cantonese 10 sahp
25%
Tagalog 10 sampu
25%
Thai 10 sip
25%
Tagalog 3 tatlo
25%
Tagalog 8 walo
25%
Korean 8 yeodeol
25%
Indonesian 4 empat
17%
Indonesian 6 enam
17%
Vietnamese 5 năm
17%
Indonesian 1 satu
17%
Vietnamese 6 sáu
17%
Tagalog 9 siyam
17%
Thai 2 song
17%
Korean 10 yeol
17%
Indonesian 8 delapan
8%
Indonesian 9 sembilan
8%
Indonesian 10 sepuluh
8%
Indonesian 3 tiga
8%
Indonesian 7 tujuh
8%
No matching quizzes found
Score Distribution
Percent of People with Each Score
Percentile by Number Answered
Your Score History
You have not taken this quiz